| 000 | 00376nam a2200157Ia 4500 | ||
|---|---|---|---|
| 008 | 230917s9999||||xx |||||||||||||| ||und|| | ||
| 040 |
_e79521 _aMAIN |
||
| 041 | _aEnglish | ||
| 082 | _a340.942 K63E | ||
| 100 | _aKiralfy, A K R | ||
| 245 | 4 | _aThe English system | |
| 250 | _a6th ed. | ||
| 260 |
_aLondon _bSweet & Maxwell _c1978 |
||
| 300 | _axxvii, 297 p. | ||
| 942 | _cBK | ||
| 999 |
_c223161 _d223161 |
||